000 00462nam a2200181Ia 4500
001 11272
005 20260306161934.0
008 260306t2016||||xx |||||||||||||| ||spa||
041 _aESP
082 _a985.02
_bP57 V. 2
100 _aPillsbury, Joanne
_eAUT
245 0 _aFuentes documentales para los estudios andinos 1530-1900
260 _c2016
300 _apáginas 748-1358 :
_c24 cm.
650 _aGEN
654 _aCHU
942 _cLIB
_dJUS
_fJUS
_2ddc
_n
999 _c11272
_d11272